Online
Catalog

El periodismo en 6 dimensiones / (Record no. 17115)

MARC details
000 -CABECERA
campo de control de longitud fija 01060nam a2200265 a 4500
001 - NÚMERO DE CONTROL
campo de control 000017590
005 - FECHA Y HORA DE LA ÚLTIMA TRANSACCIÓN
campo de control 20200929165148.0
008 - DATOS DE LONGITUD FIJA--INFORMACIÓN GENERAL
campo de control de longitud fija 100329s1998 dr a 000 0 spa d
040 ## - FUENTE DE LA CATALOGACIÓN
Centro catalogador/agencia de origen DO-SdBNP
Lengua de catalogación spa
Centro/agencia transcriptor BNPHU
082 ## - NÚMERO DE LA CLASIFICACIÓN DECIMAL DEWEY
Número de clasificación 070.4
Número de documento/Ítem L864p
100 1# - ENTRADA PRINCIPAL--NOMBRE DE PERSONA
Nombre de persona López Reyes, Oscar
9 (RLIN) 750
245 13 - MENCIÓN DE TÍTULO
Título El periodismo en 6 dimensiones /
Mención de responsabilidad, etc. Oscar López Reyes ; prólogo Juan Bolívar Díaz.
260 ## - PUBLICACIÓN, DISTRIBUCIÓN, ETC.
Lugar de publicación, distribución, etc. Santo Domingo :
Nombre del editor, distribuidor, etc. Ediciones O&M,
Fecha de publicación, distribución, etc. 1998.
Fabricante Panamericana
300 ## - DESCRIPCIÓN FÍSICA
Extensión 271 p. :
Otras características físicas il. ;
Dimensiones 27 cm.
490 1# - MENCIÓN DE SERIE
Mención de serie Ciencias Sociales
500 ## - NOTA GENERAL
Nota general Incluye datos biográficos del autor en la contracubierta.
504 ## - NOTA DE BIBLIOGRAFÍA, ETC.
Nota de bibliografía, etc. Bibliografía: p.269-271.
505 0# - NOTA DE CONTENIDO CON FORMATO
Información miscelánea Prólogo --
-- Introducción --
Título La noticia --
-- La entrevista --
-- La crónica --
-- El reportaje --
-- El análisis --
-- La opinión --
Información miscelánea Bibliografía.
590 ## - NOTA LOCAL (RLIN)
Nota local Inventariado,2018/DG
650 #4 - PUNTO DE ACCESO ADICIONAL DE MATERIA--TÉRMINO DE MATERIA
Término de materia o nombre geográfico como elemento de entrada Periodismo
Subdivisión de forma ENSEÑANZA
9 (RLIN) 26
650 #4 - PUNTO DE ACCESO ADICIONAL DE MATERIA--TÉRMINO DE MATERIA
Término de materia o nombre geográfico como elemento de entrada Periodismo
Subdivisión general Arte de escribir
9 (RLIN) 27
700 1# - PUNTO DE ACCESO ADICIONAL--NOMBRE DE PERSONA
Nombre de persona Díaz, Juan Bolívar,
Término indicativo de función/relación pról.
9 (RLIN) 38361
830 #0 - PUNTO DE ACCESO ADICIONAL DE SERIE-TÍTULO UNIFORME
Título uniforme Ciencias Sociales
9 (RLIN) 13247
910 ## - DATOS DE OPCIÓN DEL USUARIO (OCLC)
Datos de opción del usuario Validado. Control de calidad EMS
Holdings
Estado de retiro Estado de pérdida Restricciones de uso No para préstamo Código de colección Localización permanente Ubicación/localización actual Ubicación en estantería Fecha de adquisición Número de inventario Total de préstamos Signatura topográfica completa Código de barras Fecha visto por última vez Número de copia Precio válido a partir de Tipo de ítem Koha
  Extraviado     Dominicana de Servicio General General Extraviado 29.03.2010 LF1   070.4 L864p 17590-30 25.06.2020 e. 3 25.06.2020 Libro y Folleto Colección Dominicana de Servicio
      Excluido de préstamo Patrimonio Dominicano Patrimonio Dominicano Patrimonio Dominicano Depósito 29.03.2010 LF1   070.4 L864p 17590-10 25.06.2020   25.06.2020 Libro y Folleto Colección Patrimonio Dominicano
      Excluido de préstamo Patrimonio Dominicano Patrimonio Dominicano Patrimonio Dominicano Depósito 29.03.2010 LF1   070.4 L864p 17590-20 25.06.2020 e. 2 25.06.2020 Libro y Folleto Colección Patrimonio Dominicano

Powered by Koha